000 00596nam a22001697a 4500
999 _c8433
_d8433
008 201124b ||||| |||| 00| 0 eng d
040 _aBMS College of Architecture
100 _aReddy, B Pramod
245 _aSeed: study educate and economic development of the farmer (Agricultural vocational training center)
300 _a55p.
500 _a1BM14AT019
502 _8B,Arch
_NBMS College of Architecture, Visvesvaraya Technological University
_aProject report
_d2018
650 _aEconomic development
700 _aShanthala V
_eGuide
700 _aVinay Nandish
_eGuide
942 _2ddc
_cTHE